000
00310nam a22001457a 4500
008
210225b ||||| |||| 00| 0 eng d
020
_a
2900077670084
041
_a
eng
080
_a
316
082
_a
316
100
_a
50
101
_a
SOC
245
_a
Experience Sociology
_c
Croteau, D
942
_2
udc
_c
BK
999
_c
55208
_d
55208